La precariedad en el sector del arte un estatuto del artista como propuesta de solucin̤ /

Bibliographic Details
Main Author: ℓlvarez Cuesta, Henar
Format: eBook
Language:Spanish
Published: Albacete: Editorial Bomarzo, 2019
Subjects:
Online Access:Acceso restringido

MARC

LEADER 00000nam a22000007a 4500
005 2019040201391.0
007 cr|||| ||||
008 190402s2019 es |||||s|||| 00||0 spa d
020 |a 978-84-17310-57-8 
035 |a 23165 
040 |a vLex 
090 |c 8534  |d 8534 
100 1 |a ℓlvarez Cuesta, Henar 
245 1 2 |a La precariedad en el sector del arte  |h [Recurso electrn̤ico] :  |b un estatuto del artista como propuesta de solucin̤ /  |c Henar ℓlvarez Cuesta 
256 |a Servicio en ln̕ea 
260 |a Albacete:  |b Editorial Bomarzo,  |c 2019 
300 |a 1 recurso electrn̤ico 
506 1 |a Disponible solo en los productos indicados  |d vLex Global  |d vLex Global (Academic Edition, excluding Law Schools)  |d vLex Global (U.S. Academic Edition, Law Schools)  |d vLex Global (U.S. Academic Edition, excluding Law Schools)  |d vLex Global (Academic Edition, Law Schools) 
650 0 4 |a Derecho Laboral y Seguridad Social  |z Espaą 
740 0 |a vLex Libros (Servicio en ln̕ea) 
856 4 0 |u http://vlex.com/source/precariedad-en-el-sector-del-arte-un-estatuto-del-artista-como-propuesta-de-solucion-23165  |z Acceso restringido 
942 |c BOOK 
999 0 |a Labor law and social security